00415nam a2200145Ia 4500008004100000041001200041082001100053100001300064245011300077260002200190300000700212650001900219700001400238700001700252221030s9999 xx 000 0 und d aEnglish a105.23 aA. Mehta 0aTraining Notes on Optimum Utilisation of Electrical Load in Industriescby A. Mehta, S. K. Sharma, N. Langer bMIETaJammuc2011 a24 aTraining Notes aN. Langer aS. K. Sharma